000 00638nam a22002052 4500
001 0000024011
005 20151217152254.0
008 130425s xx 000 0 eng d
040 _aKABU
_cKABU
245 1 4 _aThe Year book of orthopedics and traumatic surgery /
_cedited by H. Herman Young.
250 _a1st ed.
260 _aChicago, ILL. :
_bYear Book Medical,
_c1961.
300 _a440 p.
650 0 _aOrthopedics.
_@0000178340
650 0 _aSurgery, Operative.
_@0000183274
700 1 _aYoung, H. Herman.
_@0000183890
852 1 _9p500 KES
908 _a130425
950 _@1
999 _c10123
_d10123